000 00709nac a22002051u 4500
010 _a84024764
020 _a0136382053
082 0 0 _a332.6452
_bC8771
090 _c1757
_d1757
100 _aCox, John C.
245 1 0 _aOptions markets /
_cJohn C. Cox, Mark Rubinstein.
260 _aEnglewood Cliffs, N.J. :
_bPrentice-Hall,
_cc1985.
300 _aix, 498 p. :
_bill. ;
_c24 cm.
500 _aIncludes index.
504 _aBibliography: p. 478-492.
650 0 _aOptions (Finance)
700 1 _aRubinstein, Mark,
_d1944-
942 _cBB
_k332.6452C8771
999 _c1757
_d1757